| 000 | 00531nam a2200181Ia 4500 | ||
|---|---|---|---|
| 999 |
_c7986 _d7986 |
||
| 003 | OSt | ||
| 005 | 20210121103754.0 | ||
| 008 | 190216s9999||||xx |||||||||||||| ||und|| | ||
| 020 | _a9780195669855 | ||
| 040 | _coclc | ||
| 082 |
_a658.4038 _bJAI/M |
||
| 100 |
_aJaiswal, Mahadeo _98315 |
||
| 245 | 0 |
_aManagement Information Systems / _cMahadeo Jaiswal |
|
| 260 |
_bOxford University Press, _c2009. _aNew Delhi: |
||
| 300 | _a623p | ||
| 650 | _aCommerce | ||
| 942 |
_cBK _2ddc _h658.4038 _iJAI/M _k658.4038 _mJAI/M |
||